Aprendizaje y sociedad

-д хадгалсан:
Номзүйн дэлгэрэнгүй
Үндсэн зохиолч: Hutchins, Robert Maynard (autor)
Формат: Ном
Хэл сонгох:испани
Хэвлэсэн: Caracas Monte Avila 1969
Цуврал:Colección Perspectiva Actual
Нөхцлүүд:
Шошгууд: Шошго нэмэх
Шошго байхгүй, Энэхүү баримтыг шошголох эхний хүн болох!

MARC

LEADER 00000nam a2200000 a 4500
001 UCL8514
003 CL-VaPUC
008 040625e19690000VE |||||||||||||||||spa|d
082 0 4 |a 306.43  |b HUT  |2 21 
100 |a Hutchins, Robert Maynard  |e autor  |9 486404 
245 1 0 |a Aprendizaje y sociedad 
300 |a 149 p 
942 |c BK 
945 |d 20040625 00:00:00  |a cmena 
260 |a Caracas  |b Monte Avila  |c 1969 
650 0 |a Sociología de la educación   |9 260380 
650 0 |a Estado y educación   |9 311264 
650 0 |a Filosofía de la educación   |9 258384 
650 0 |a Cambio social   |9 256857 
650 0 |a Igualdad de oportunidades  |9 331873 
583 |a last modification  |c 20040625 00:00:00  |k Rodrigo Vera 
490 0 |a Colección Perspectiva Actual 
999 |c 309755  |d 309753 
952 |0 0  |1 0  |4 0  |6 306_430000000000000_HUT_1969  |7 0  |8 P  |9 377493  |a BIBEDU  |b BIBEDU  |c BIBEDU_PB  |d 2019-11-21  |i 4032020  |o 306.43 HUT 1969  |p 4032020  |r 2024-01-25  |w 2019-11-21  |y BK  |k BME 
952 |0 0  |1 0  |4 0  |6 306_430000000000000_HUT_1969  |7 0  |8 A  |9 377494  |a FDOPOS  |b FDOPOS  |d 2019-11-21  |i 4318838  |o 306.43 HUT 1969  |p 4318838  |r 2025-01-22  |w 2019-11-21  |y BK  |k MLA